000 00847nam a22003138a 4500
001 ACD-3792
003 DLC
005 20200129130613.0
008 931206s1993 nyu 001 0 eng
010 _a 93047992
020 _a1562827545
035 0 0 _ilcmarc/ARU-2364/STEVES
040 _aDLC
_cDLC
043 _an-us---
050 0 0 _aPN1992.77.T63
_bC37 1993
082 0 0 _a791.45/72
_220
100 1 _aCarter, Bill,
_d1949-
245 1 4 _aThe late shift :
_bLetterman, Leno, and the network battle for the night /
_cby Bill Carter.
250 _a1st ed.
260 _aNew York :
_bHyperion,
_cc1993.
263 _a9402
300 _ap. cm.
500 _aIncludes index.
630 0 0 _aTonight show (Television program)
600 1 0 _aLetterman, David.
600 1 0 _aLeno, Jay.
650 0 _aTalk shows
_zUnited States.
999 _c361
_d361
942 _cMX